| 000 | 00875nam a22002055i 4500 | ||
|---|---|---|---|
| 001 | 48488 | ||
| 003 | ES-MaACL | ||
| 005 | 20250815063219.0 | ||
| 007 | t| | ||
| 008 | 950720s1841 fr ||||1| fre d | ||
| 040 |
_aCAM _bspa _cCAM |
||
| 100 | 1 |
_aLacépède, Bernard Germain Etienne de la Ville sur Illon, _cComte de, _d1756-1825 _969351 |
|
| 245 | 1 | 0 |
_aHistoire naturelle de Lacépede _b: comprenant les cétaces, les quadrupédes ovipares, les serpens et les poissons / _cBernard Delaville; nouvelle édition précédée de l'eloge de Lacépede par M. Cuvier; avec de notes de M.A.G. Desmarest. |
| 260 |
_aParis : _bFurne et Cie., _c1841 ( _fSchneider) |
||
| 300 |
_a2 v., 36 h. de lám. ; _c26 cm. |
||
| 700 | 1 |
_aCuvier, Fréderic Georges, _d1773-1838 _9126680 |
|
| 700 | 1 |
_aDesmarest, A. G. _943897 |
|
| 852 |
_aES-MaACL _jG-7887-8 |
||
| 999 |
_c48488 _d48488 |
||